OPAC | Catalogo Arcigay delle biblioteche LGBTQIA+

Il Catalogo di Arcigay delle Biblioteche LGBTQIA+ è un servizio fornito grazie alla collaborazione tra Arcigay nazionale e le associazioni locali aderenti al progetto che conservano e rendono pubbliche biblioteche a tema LGBTQIA+.

Fuori dai binari : (Record no. 8199)

MARC details
000 -LEADER
campo di controllo lung. fissa 00752nam a22002297i 4500
001 - Numero di controllo
campo di controllo IT\ICCU\UBO\4887516
003 - Identificatore del numero di controllo
campo di controllo ItRI
005 - Data e orario dell'ultima transazione
campo di controllo 20260123225303.0
008 - Elementi di lunghezza fissa--Informazione generale
campo di controllo lung. fissa 250627s2025 it |||||| |||||0|||||c
020 ## - ISBN (International Standard Book Number)
ISBN (International Standard Book Number) 9791281477070
040 ## - Fonte della catalogazione
Lingua della catalogazione ita
Agenzia che fa la trascrizione Arcigay Queer VdA
041 #7 - Codice di lingua
Codice di lingua del testo/traccia sonora o titolo separato ita
Fonte del codice ISO-639-2
100 1# - Accesso principale -- nome di persona
Nome di persona Roberti, Valeria
Numero del record di authority o numero standard IT\ICCU\TO0V\709846
Relazione: aut
240 10 - Titolo uniforme
Titolo uniforme Fuori dai binari : identità non binarie e approcci queer a scuola
9 (RLIN) Roberti, Valeria
245 10 - Formulazione del titolo
Titolo Fuori dai binari :
Complemento del titolo identità non binarie e approcci queer a scuola /
Formulazione di responsabilità, ecc. Valeria Roberti.
260 ## - Pubblicazione, distribuzione, ecc. (stampa)
Luogo di pubblicazione, distribuzione, ecc. Cagli :
Nome dell'editore, distributore, ecc. Settenove,
Data di pubblicazione, distribuzione, ecc. 2025
300 ## - Descrizione fisica
Estensione 119 p. ;
Dimensioni 24 cm
650 #7 - Accesso aggiunto di soggetto--termine topico
Termine topico o nome geografico come accesso Identità sessuale
Suddivisione generale Educazione
982 #1 - EQUIVALENCE OR CROSS-REFERENCE-SERIES STATEMENT--CONFERENCE OR MEETING NAME/TITLE [LOCAL, CANADA]
Collegamento z01
Nome del convegno o nome della giurisdizione come accesso n
942 ## - Dati aggiuntivi (Koha)
Fonte della classificazione o dello schema di collocazione (segnatura) Classificazione decimale Dewey
Tipo copia default (Koha) Libri
Nasconto in Opac No
981 #1 - EQUIVALENCE OR CROSS-REFERENCE-SERIES STATEMENT--CORPORATE NAME/TITLE [LOCAL, CANADA]
Collegamento z01
Nome dell'ente o nome della giurisdizione come accesso i
Unità subordinata xxxe
Holdings
Status ritirato Status smarrito: Fonte della classificazione o dello schema di collocazione (segnatura) Status danneggiato: Escluso dal prestito Biblioteca di appartenenza Biblioteca corrente Data di acquisti Totale prestiti Collocazione Codice a barre Data ultima revisione Prezzo effettivo da Tipo copia default (Koha) Numero d'inventario Nota pubblica
    Classificazione decimale Dewey   Escluso dal prestito AOSTA | Arcigay Queer VdA André Zanotto AOSTA | Arcigay Queer VdA André Zanotto 25/10/2025   305.420 ROB FUO 11576 25/10/2025 25/10/2025 Libri    
          BOLOGNA | Centro di Documentazione "Flavia Madaschi" Cassero LGBTQIA+ Center BOLOGNA | Centro di Documentazione "Flavia Madaschi" Cassero LGBTQIA+ Center 15/01/2026   DOC 370.11 ROB BO20924 15/01/2026 15/01/2026 Libri 20924 1 v.
Se cerchi informazioni su Arcigay, le puoi trovare nel nostro sito: www.arcigay.it